| Tag |
First Indicator |
Second Indicator |
Subfields |
| LEADER |
00000cgm a2200000Ia 4500 |
| 001 |
in00003718621 |
| 005 |
20170927100007.0 |
| 007 |
vd cvaizm |
| 008 |
100114s2010 xxu099 vleng d |
| 019 |
|
|
|a 670911727
|
| 020 |
|
|
|a 9781419890000
|
| 020 |
|
|
|a 141989000X
|
| 024 |
1 |
|
|a 883929099153
|
| 028 |
4 |
2 |
|a 2000020069
|b BBC Video
|
| 028 |
4 |
2 |
|a 3000024784
|b BBC Video
|
| 035 |
|
|
|a (OCoLC)ocn498357235
|
| 035 |
|
|
|a (OCoLC)498357235
|z (OCoLC)670911727
|
| 040 |
|
|
|a HCO
|b eng
|c HCO
|d CLE
|d OCLCA
|d OCLCQ
|d BDX
|d TEF
|d OCLCF
|d OCLCA
|d OCLCO
|d OCL
|d OCLCA
|d OCL
|d OCLCO
|d UtOrBLW
|
| 043 |
|
|
|a e-uk---
|
| 049 |
|
|
|a TXAM
|
| 050 |
1 |
4 |
|a PN1992.77
|b .D63867 2010
|
| 082 |
0 |
4 |
|a 791.45/72
|2 22
|
| 090 |
|
|
|a PN1992.77.D6273
|b T855 2010
|
| 130 |
0 |
|
|a Doctor Who (Television program : 1963-1989)
|0 http://id.loc.gov/authorities/names/n82129799
|
| 245 |
1 |
0 |
|a Doctor Who.
|p The twin dilemma /
|c BBC Video ; written by Anthony Steven ; produced by John Nathan-Turner ; directed by Peter Moffatt.
|
| 246 |
3 |
0 |
|a Twin dilemma
|
| 264 |
|
1 |
|a [United States] :
|b British Broadcasting Corp.,
|c [2010]
|
| 264 |
|
2 |
|a Burbank, CA :
|b Distributed in the USA and Canada by Warner Home Video.
|
| 264 |
|
4 |
|c ©2010
|
| 300 |
|
|
|a 1 videodisc (approximately 99 min.) :
|b sound, color ;
|c 4 3/4 in.
|
| 336 |
|
|
|a two-dimensional moving image
|b tdi
|2 rdacontent
|
| 337 |
|
|
|a video
|b v
|2 rdamedia
|
| 338 |
|
|
|a videodisc
|b vd
|2 rdacarrier
|
| 490 |
1 |
|
|a The Colin Baker years, 1984-1986 ;
|v story no. 137
|
| 538 |
|
|
|a DVD; full screen presentation, aspect ratio 4:3; Dolby digital mono.; digitally remastered; DVD9; NTSC; region 1.
|
| 546 |
|
|
|a English subtitles for the deaf and hearing impaired.
|
| 511 |
1 |
|
|a Colin Baker, Nicola Bryant.
|
| 518 |
|
|
|a Originally transmitted on BBC, March 22-30, 1984 on the BBC.
|
| 500 |
|
|
|a "Story Number 137"--Container.
|
| 520 |
|
|
|a "The Doctor has regenerated and all is not well. Confused, angry and acting strangely, the new Doctor decides to become a hermit, so takes his concerned companion Peri to a desolate asteroid where he plans to live for several centuries. The time travelers soon uncover a plot that threatens the entire galaxy. But why has an alien gastropod kidnapped twin boys from Earth, and will the Doctor recover in time to find out?"--Container.
|
| 500 |
|
|
|a Extra features: Audio commentary by actors Colin Baker (the Doctor), Nicola Bryant (Peri), and Kevin McNally (Hugo); The Star Man: interview with title sequence designer Sid Sutton (6 mins.); Looking 100 years younger: Colin Baker and comedian Amy Lamé discuss the Doctor's costumes over the years (11 mins.); Stripped for action: the Sixth Doctor: comic book retrospective (17 mins.); Breakfast time: BBC interview with Colin Baker and Nicola Bryant (10 mins.); Blue Peter: Colin Baker interview (10 mins.); continuity announcements (3 mins.); photo gallery (8 mins.); Easter egg (4 mins.); radio times listings; production note subtitles; digitally remastered picture and sound quality.
|
| 500 |
|
|
|a Videorecording.
|
| 600 |
0 |
0 |
|a Doctor
|c (Fictitious character)
|v Drama.
|
| 650 |
|
0 |
|a Time travel
|v Drama.
|
| 650 |
|
0 |
|a Twins
|v Drama.
|0 http://id.loc.gov/authorities/subjects/sh2008113056
|
| 650 |
|
0 |
|a Extraterrestrial beings
|v Drama.
|
| 650 |
|
0 |
|a Human-alien encounters
|v Drama.
|
| 650 |
|
0 |
|a Kidnapping
|v Drama.
|0 http://id.loc.gov/authorities/subjects/sh2008122884
|
| 650 |
|
0 |
|a Good and evil
|v Drama.
|0 http://id.loc.gov/authorities/subjects/sh2008118249
|
| 600 |
0 |
7 |
|a Doctor
|c (Fictitious character)
|2 fast
|0 (OCoLC)fst00896044
|
| 650 |
|
7 |
|a Extraterrestrial beings.
|2 fast
|0 (OCoLC)fst01742248
|
| 650 |
|
7 |
|a Good and evil.
|2 fast
|0 (OCoLC)fst00944894
|
| 650 |
|
7 |
|a Human-alien encounters.
|2 fast
|0 (OCoLC)fst00963475
|
| 650 |
|
7 |
|a Kidnapping.
|2 fast
|0 (OCoLC)fst00987322
|
| 650 |
|
7 |
|a Time travel.
|2 fast
|0 (OCoLC)fst01151176
|
| 650 |
|
7 |
|a Twins.
|2 fast
|0 (OCoLC)fst01159851
|
| 655 |
|
7 |
|a Science fiction television programs.
|2 lcgft
|0 http://id.loc.gov/authorities/genreForms/gf2011026558
|
| 655 |
|
7 |
|a Fantasy television programs.
|2 lcgft
|0 http://id.loc.gov/authorities/genreForms/gf2011026244
|
| 655 |
|
7 |
|a Fiction television programs.
|2 lcgft
|0 http://id.loc.gov/authorities/genreForms/gf2011026252
|
| 655 |
|
7 |
|a Television series.
|2 lcgft
|0 http://id.loc.gov/authorities/genreForms/gf2011026680
|
| 655 |
|
7 |
|a Video recordings for the hearing impaired.
|2 lcgft
|0 http://id.loc.gov/authorities/genreForms/gf2011026725
|
| 655 |
|
7 |
|a Drama.
|2 fast
|0 (OCoLC)fst01423879
|
| 655 |
|
7 |
|a Fiction television programs.
|2 fast
|0 (OCoLC)fst01710265
|
| 655 |
|
7 |
|a Science fiction television programs.
|2 fast
|0 (OCoLC)fst01710394
|
| 655 |
|
7 |
|a Video recordings for the hearing impaired.
|2 fast
|0 (OCoLC)fst01710450
|
| 700 |
1 |
|
|a Moffatt, Peter.
|0 http://id.loc.gov/authorities/names/no96062153
|
| 700 |
1 |
|
|a Nathan-Turner, John,
|d 1947-2002.
|0 http://id.loc.gov/authorities/names/n84200698
|
| 700 |
1 |
|
|a Steven, Anthony.
|0 http://id.loc.gov/authorities/names/n99050361
|
| 700 |
1 |
|
|a Baker, Colin,
|d 1943-
|0 http://id.loc.gov/authorities/names/no96062155
|
| 700 |
1 |
|
|a Bryant, Nicola,
|d 1960-
|0 http://id.loc.gov/authorities/names/no2012007705
|
| 710 |
2 |
|
|a BBC Video (Firm)
|0 http://id.loc.gov/authorities/names/no96013231
|
| 710 |
2 |
|
|a British Broadcasting Corporation.
|0 http://id.loc.gov/authorities/names/n79074359
|
| 710 |
2 |
|
|a Warner Home Video (Firm)
|0 http://id.loc.gov/authorities/names/no95005960
|
| 710 |
2 |
|
|a British Broadcasting Corporation.
|b Television Service.
|0 http://id.loc.gov/authorities/names/n50049886
|
| 830 |
|
0 |
|a Colin Baker years, 1984-1986 ;
|v story no. 137.
|0 http://id.loc.gov/authorities/names/no2012157746
|
| 994 |
|
|
|a C0
|b TXA
|
| 948 |
|
|
|a cataloged
|b h
|c 2016/8/2
|d c
|e blrosas
|f 12:59:14 pm
|
| 999 |
f |
f |
|s 50f64fbb-e55b-34d7-bab6-b855e2a65935
|i ef9956e5-3301-3e25-a4fb-c9ff650b73e1
|t 0
|
| 952 |
f |
f |
|p dvd
|a Texas A&M University
|b College Station
|c Sterling C. Evans Library
|d Evans: Media and Reserves (Annex 1st floor)
|t 0
|e PN1992.77.D6273 T855 2010
|h Library of Congress classification
|i video -- videodisc
|m A14843640286
|
| 998 |
f |
f |
|a PN1992.77.D6273 T855 2010
|t 0
|l Evans: Media and Reserves (Annex 1st floor)
|